000
00287nam a22001337a 4500
008
170815b xxu||||| |||| 00| 0 eng d
020
_a
9780918082091
041
_a
eng
080
_2
8TH
_a
51
100
_a
36
101
_a
MAT
245
_a
MATH FOR MEDS
_c
CURREN,A.M
942
_2
udc
_c
BK
999
_c
23592
_d
23592